Elizabeth Reaser Filmography - Statistics

General Stats
  • This quiz has been taken 4 times
  • The average score is 8 of 60
Answer Stats
Type Year Name % Correct
Film 2011 The Twilight Saga: Breaking Dawn - Part 1
100%
Film 2012 The Twilight Saga: Breaking Dawn - Part 2
100%
Film 2010 The Twilight Saga: Eclipse
100%
TV Show 2021 American Crime Story
50%
Film 2023 Dark Harvest
50%
TV Show 2007-2008 Grey's Anatomy
50%
TV Show 2002, 2006 Law & Order: Criminal Intent
50%
Film 2005 The Family Stone
50%
Web Series 2019 The Handmaid's Tale
50%
Film 2009 The Twilight Saga: New Moon
50%
Film 2024 The Uninvited
50%
Film 2008 Twilight
50%
Web Series 2020 50 States of Fright
0%
Film 2009 Against the Current
0%
Theater 2001 A Visit with Two New Playwrights
0%
Theater 2001 Blackbird
0%
TV Mini-Series 2013 Bonnie & Clyde
0%
Theater 2001 Closer
0%
Theater 2014 Conviction
0%
Web Series 2016-2019 Easy
0%
Film 2020 Embattled
0%
Film 2002 Emmett's Mark
0%
TV Show 2004 Hack
0%
Film 2015 Hello, My Name Is Doris
0%
Theater 2012 How I Learned to Drive
0%
TV Show 2017 Law & Order: True Crime
0%
Film 2012 Liberal Arts
0%
TV Show 2015 Mad Men
0%
TV Show 2017 Manhunt
0%
Film 2004 Mind the Gap
0%
Film 2018 Nightmare Cinema
0%
Film 2015 One and Two
0%
Film 2016 Ouija: Origin of Evil
0%
Theater 2015 Permission
0%
Film 2006 Puccini for Beginners
0%
Film 2007 Purple Violets
0%
TV Show 2006 Saved
0%
TV Show 1998 Sports Theater with Shaquille O'Neal
0%
TV Show 2006 Standoff
0%
Film 2005 Stay
0%
Theater 2002 Stone Cold Dead Serious
0%
Theater 1999 Sweet Bird of Youth
0%
Film 2005 Sweet Land
0%
Film 2011 The Art of Getting By
0%
Theater 2016-2017 The Babylon Line
0%
Film 2001 The Believer
0%
TV Show 2008-2009 The Ex List
0%
TV Show 2010-2012 The Good Wife
0%
Web Mini-Series 2018 The Haunting of Hill House
0%
Theater 2000 The Hologram Theory
0%
TV Show 2004 The Jury
0%
Theater 2014 The Money Shot
0%
TV Show 2000 The Sopranos
0%
Film 2006 The Wedding Weekend
0%
Theater 2003 The Winter's Tale
0%
Film 2001 Thirteen Conversations About One Thing
0%
Theater 2005 Top Girls
0%
TV Show 2014 True Detective
0%
Web Series 2008 Wainy Days
0%
Film 2011 Young Adult
0%
No matching quizzes found
Score Distribution
Percent of People with Each Score
Percentile by Number Answered
Your Score History
You have not taken this quiz